| 000 | 01319nam1a2200265 i 4500 | ||
|---|---|---|---|
| 001 | RU\NLR\BIBL_A\010982912 | ||
| 005 | 20240921184452.0 | ||
| 035 | _a(NLR Aleph) 010982912 | ||
| 090 |
_a10883764 _c10883764 |
||
| 100 | _a20160129g20159999k y0rusy50 ca | ||
| 101 | 0 | _arus | |
| 102 | _aRU | ||
| 105 | _a||||z|||||||| | ||
| 200 | 1 |
_aМетодология формирования стратегии социально-экономического развития регионов _eмонография _fТ.Х. Усманова, П.В. Трифонов _gФедер. гос. образоват. бюджет. учреждение высш. образования "Финансовый ун-т при Правительстве Рос. Федерации" (Финансовый ун-т) |
|
| 210 |
_aМосква _cНаучная библиотека _d2015 |
||
| 215 | _d21 | ||
| 606 | 1 |
_aРегиональная экономика _yРоссийская Федерация _92073469 _3RU\NLR\AUTH\661248372 |
|
| 686 | 1 | _aУ04(2Р)9 | |
| 700 | 1 |
_aУсманова _bТ. Х. _gТальия Хайдаровна |
|
| 701 | 1 |
_aТрифонов _bП. В. _gПавел Владимирович |
|
| 852 |
_aNLR _j2016-3/2329 |
||
| 942 | _cBOOK | ||
| 980 | _aNBR | ||